000 00698nam a2200289Ia 4500
005 20260324130905.0
008 008 260324s9999 xx 000 0 eng d
020 _a9781315249933
037 _aEBOOK
040 _aCRL
040 _beng
040 _cCRL
041 _2eng
041 _aeng
084 _qCRL
100 _aDallen J. Timothy
_91183438
245 0 _aManaging Heritage and Cultural Tourism Resources
245 0 _bCritical Essays, Volume One
260 _bTaylor and Francis
260 _c2007
365 _a
365 _b290
856 _uhttp://www.taylorfrancis.com/books/9781315249933
942 _cEBOOK
999 _c1780103
_d1780103